[Event "GRE-chT U16"]
[Site "Thessaloniki"]
[Date "2021.12.18"]
[Round "5.1"]
[White "Sdravopoulos, Periklis"]
[Black "Kostelidis, Georgios"]
[Result "1-0"]
[WhiteElo "1480"]
[BlackElo "1272"]
[PlyCount "57"]
[EventDate "2021.12.16"]
[EventType "team-swiss"]
[EventRounds "6"]
[EventCountry "GRE"]
[SourceTitle "CBM 205 Extra"]
[Source "ChessBase"]
[SourceDate "2022.01.31"]
[SourceVersion "1"]
[SourceVersionDate "2022.01.31"]
[SourceQuality "1"]
[WhiteTeam "Larisas"]
[BlackTeam "Acharnon"]
[WhiteTeamCountry "GRE"]
[BlackTeamCountry "GRE"]

1. e4 d5 2. exd5 Qxd5 3. Nc3 Qd6 4. d4 Nf6 5. Nf3 g6 6. Be3 c6 7. Bc4 Bg7 8. Qd2 0-0 9. 0-0 Bg4 10. Ne5 Nbd7 11. f4 Nb6 12. Bd3 Bd7 13. Rad1 Nbd5 14. f5 Nxe3 15. Qxe3 Nd5 16. Nxd5 cxd5 17. fxg6 hxg6 18. Rf2 Qc7 19. Rdf1 Bxe5 20. dxe5 Kg7 21. Qg5 Be6 22. Rf6 Qb6+ 23. Kh1 Rh8 24. Rxg6+ Kf8 25. Rg7 Rd8 26. Bg6 Ke8 27. Bxf7+ Kd7 28. Bxe6+ Kc6 29. Qxe7 1-0

[Event "GRE-ch South U14"]
[Site "Athens"]
[Date "2020.08.31"]
[Round "5"]
[White "Misailidis, Matthaios"]
[Black "Kostelidis, Georgios"]
[Result "0-1"]
[WhiteElo "1303"]
[BlackElo "1306"]
[PlyCount "134"]
[EventDate "2020.08.28"]
[EventType "swiss"]
[EventRounds "9"]
[EventCountry "GRE"]
[SourceTitle "EXT 2023"]
[Source "ChessBase"]
[SourceDate "2022.10.05"]
[SourceVersion "1"]
[SourceVersionDate "2022.10.05"]
[SourceQuality "1"]

1. e4 d5 2. exd5 Qxd5 3. Nc3 Qd6 4. Nf3 Nf6 5. g3 Bg4 6. Bg2 c6 7. 0-0 e6 8. d3 Qc7 9. Re1 Nbd7 10. Bf4 Bd6 11. Bxd6 Qxd6 12. Qd2 0-0 13. Ne4 Qc7 14. Nxf6+ Nxf6 15. h3 Bxf3 16. Bxf3 Rfd8 17. Rad1 Rd7 18. Qc3 Nd5 19. Qb3 Rad8 20. Bg2 Nb6 21. Re2 c5 22. Qc3 Nd5 23. Bxd5 Rxd5 24. Re4 b5 25. a3 c4 26. d4 Qd6 27. f4 f6 28. Rde1 Qb6 29. Rxe6 Qxd4+ 30. Qxd4 Rxd4 31. Re8+ Rxe8 32. Rxe8+ Kf7 33. Re2 h5 34. Kg2 h4 35. c3 Rd7 36. gxh4 Kg6 37. Rf2 Kh5 38. Kg3 Rd3+ 39. Rf3 Rxf3+ 40. Kxf3 Kxh4 41. Kg2 g5 42. fxg5 fxg5 43. Kh2 g4 44. hxg4 Kxg4 45. Kg2 a6 46. Kf2 Kf4 47. Ke2 Ke4 48. Kd2 Kf3 49. Kd1 Ke3 50. Kc2 Ke2 51. Kb1 Kd1 52. Ka2 Kc2 53. a4 bxa4 54. Ka3 a5 55. Ka2 Kc1 56. Ka1 a3 57. bxa3 Kc2 58. a4 Kxc3 59. Ka2 Kd2 60. Kb1 c3 61. Ka2 c2 62. Kb2 c1Q+ 63. Ka2 Qc2+ 64. Ka3 Qc3+ 65. Ka2 Qb4 66. Ka1 Kc2 67. Ka2 Qb2# 0-1

[Event "EU-ch U12"]
[Site "Bratislava"]
[Date "2019.08.08"]
[Round "7"]
[White "Kostelidis, Georgios"]
[Black "Radaca, Nasir"]
[Result "1/2-1/2"]
[WhiteElo "1477"]
[BlackElo "1697"]
[PlyCount "50"]
[EventDate "2019.08.02"]
[EventType "swiss"]
[EventRounds "9"]
[EventCountry "SVK"]
[SourceTitle "EXT 2020"]
[Source "ChessBase"]
[SourceDate "2019.10.17"]
[SourceVersion "1"]
[SourceVersionDate "2019.10.17"]
[SourceQuality "1"]

1. d4 Nf6 2. Bf4 g6 3. Nc3 d5 4. Qd2 a6 5. 0-0-0 Bg7 6. f3 b5 7. e3 Nbd7 8. Nge2 Nb6 9. Ng3 0-0 10. e4 dxe4 11. fxe4 Bb7 12. Bh6 e6 13. h4 Qe7 14. Bxg7 Kxg7 15. h5 b4 16. hxg6 fxg6 17. e5 bxc3 18. exf6+ Rxf6 19. Qxc3 Raf8 20. Qe3 Rf4 21. Rh2 Nd5 22. Qb3 Qg5 23. Kb1 Nb6 24. Qc3 Nd5 25. Qb3 Nb6 1/2-1/2

[Event "EU-ch U12"]
[Site "Bratislava"]
[Date "2019.08.06"]
[Round "5"]
[White "Kostelidis, Georgios"]
[Black "Wahlgreen, Noah Krug"]
[Result "0-1"]
[WhiteElo "1477"]
[BlackElo "1779"]
[PlyCount "70"]
[EventDate "2019.08.02"]
[EventType "swiss"]
[EventRounds "9"]
[EventCountry "SVK"]
[SourceTitle "EXT 2020"]
[Source "ChessBase"]
[SourceDate "2019.10.17"]
[SourceVersion "1"]
[SourceVersionDate "2019.10.17"]
[SourceQuality "1"]

1. d4 Nf6 2. Bf4 g6 3. Nc3 Bg7 4. e4 d6 5. Qd2 0-0 6. 0-0-0 Re8 7. Nf3 c6 8. Bh6 Bh8 9. h4 b5 10. e5 Ng4 11. Bf4 Bf5 12. exd6 exd6 13. d5 b4 14. Nb1 Qf6 15. c3 Bxb1 16. Bg5 bxc3 17. Qxc3 Qxc3+ 18. bxc3 Nxf2 19. Bc4 Nxh1 20. Rxh1 Bf5 21. h5 Bxc3 22. hxg6 hxg6 23. Nd2 a5 24. Kd1 cxd5 25. Bxd5 Ra7 26. g4 Bxg4+ 27. Kc2 Rc7 28. Nc4 Bg7 29. Kd3 Rc5 30. Bxf7+ Kxf7 31. Nxd6+ Kf8 32. Bh4 Rc3+ 33. Kd2 Re2+ 34. Kd1 Rh2+ 35. Ke1 Rc1# 0-1

[Event "EU-ch U12"]
[Site "Bratislava"]
[Date "2019.08.05"]
[Round "4"]
[White "Lup, Constantin Ionel"]
[Black "Kostelidis, Georgios"]
[Result "0-1"]
[WhiteElo "1739"]
[BlackElo "1477"]
[PlyCount "74"]
[EventDate "2019.08.02"]
[EventType "swiss"]
[EventRounds "9"]
[EventCountry "SVK"]
[SourceTitle "EXT 2020"]
[Source "ChessBase"]
[SourceDate "2019.10.17"]
[SourceVersion "1"]
[SourceVersionDate "2019.10.17"]
[SourceQuality "1"]

1. d4 d5 2. Nf3 Nf6 3. c4 e6 4. Nc3 Be7 5. Bf4 c6 6. e3 0-0 7. Qc2 Nbd7 8. Bd3 dxc4 9. Bxc4 b5 10. Bd3 a5 11. 0-0 b4 12. Ne4 Ba6 13. Nxf6+ Nxf6 14. Ne5 Bxd3 15. Qxd3 c5 16. Nc6 Qd7 17. Nxe7+ Qxe7 18. dxc5 Qxc5 19. Bd6 Rfd8 20. Bxc5 Rxd3 21. Rfd1 Rad8 22. Rxd3 Rxd3 23. Rc1 Nd7 24. Be7 f6 25. Bd8 a4 26. Ba5 b3 27. a3 Ne5 28. Kf1 Rd5 29. Bc3 Nc4 30. Ke2 e5 31. e4 Rd7 32. f4 exf4 33. Bxf6 Rd2+ 34. Ke1 gxf6 35. Rxc4 Rxb2 36. Rxa4 Rxg2 37. Rb4 b2 0-1

[Event "EU-ch U12"]
[Site "Bratislava"]
[Date "2019.08.02"]
[Round "1"]
[White "Kostelidis, Georgios"]
[Black "Labruyere, Roger"]
[Result "0-1"]
[WhiteElo "1477"]
[BlackElo "1909"]
[PlyCount "68"]
[EventDate "2019.08.02"]
[EventType "swiss"]
[EventRounds "9"]
[EventCountry "SVK"]
[SourceTitle "EXT 2020"]
[Source "ChessBase"]
[SourceDate "2019.10.17"]
[SourceVersion "1"]
[SourceVersionDate "2019.10.17"]
[SourceQuality "1"]

1. d4 Nf6 2. Bf4 g6 3. Nc3 d5 4. Qd2 Bg7 5. 0-0-0 c6 6. f3 b5 7. e4 0-0 8. e5 Nfd7 9. Bh6 b4 10. Nce2 a5 11. h4 Bh8 12. Bxf8 Nxf8 13. f4 e6 14. Nf3 Qc7 15. g4 Bg7 16. Ng3 c5 17. dxc5 Qxc5 18. h5 Nfd7 19. hxg6 hxg6 20. Bd3 Nc6 21. Rde1 Ba6 22. Bxa6 Rxa6 23. Ng5 a4 24. Qe3 Nd4 25. Rh2 b3 26. c3 bxa2 27. Kd2 Nb3+ 28. Ke2 Qxe3+ 29. Kxe3 a1Q 30. Rxa1 Nxa1 31. Rd2 Nb3 32. Rd1 Nb6 33. Ne2 Nc4+ 34. Kf2 Nxb2 0-1

[Event "GRE-ch U12"]
[Site "Rio Achaia"]
[Date "2018.07.03"]
[Round "1"]
[White "Spyratos, Nikolaos"]
[Black "Kostelidis, Georgios"]
[Result "1-0"]
[WhiteElo "1710"]
[BlackElo "1235"]
[PlyCount "97"]
[EventDate "2018.07.03"]
[EventType "swiss"]
[EventRounds "9"]
[EventCountry "GRE"]
[SourceTitle "EXT 2019"]
[Source "ChessBase"]
[SourceDate "2018.10.10"]
[SourceVersion "1"]
[SourceVersionDate "2018.10.10"]
[SourceQuality "1"]

1. e4 d5 2. exd5 Qxd5 3. Nf3 Bg4 4. Be2 Nc6 5. h3 Bxf3 6. Bxf3 Qe5+ 7. Kf1 Nd4 8. c3 Nxf3 9. Qxf3 Qb5+ 10. Qe2 Qxe2+ 11. Kxe2 0-0-0 12. d4 Nf6 13. Nd2 e6 14. Nf3 Bd6 15. Bg5 Be7 16. Ne5 Rhf8 17. Rhe1 h6 18. Bxf6 Bxf6 19. Nf3 Rfe8 20. Kf1 Rd5 21. Re2 e5 22. Rae1 g6 23. dxe5 Bg7 24. e6 fxe6 25. Rxe6 Rxe6 26. Rxe6 Rd6 27. Rxd6 cxd6 28. Ke2 Kd7 29. Nh4 g5 30. Nf5 Bf8 31. Kf3 Ke6 32. g4 Ke5 33. Nd4 d5 34. Nb3 b6 35. Nd4 a5 36. Nf5 h5 37. Ne3 h4 38. Nc2 Bc5 39. Ne1 d4 40. c4 d3 41. Nxd3+ Kd4 42. Nxc5 bxc5 43. Ke2 Kxc4 44. f4 gxf4 45. g5 Kd5 46. Kf3 c4 47. Kxf4 a4 48. a3 Ke6 49. Kg4 1-0

[Event "GRE-ch U10"]
[Site "Achaia"]
[Date "2017.06.27"]
[Round "3"]
[White "Kostelidis, Georgios"]
[Black "Paraskakis, Filippos"]
[Result "0-1"]
[WhiteElo "1347"]
[BlackElo "1072"]
[PlyCount "64"]
[EventDate "2017.06.26"]
[EventType "swiss"]
[EventRounds "9"]
[EventCountry "GRE"]
[SourceTitle "EXT 2018"]
[Source "ChessBase"]
[SourceDate "2017.10.13"]
[SourceVersion "1"]
[SourceVersionDate "2017.10.13"]
[SourceQuality "1"]

1. d4 Nf6 2. Bf4 g6 3. e3 Bg7 4. Nf3 0-0 5. Be2 d6 6. c4 c5 7. h3 Qb6 8. Qd2 Ne4 9. Qc2 cxd4 10. exd4 Bxd4 11. Qxe4 Bxb2 12. 0-0 Bxa1 13. Qxe7 Bd7 14. c5 Qxc5 15. Bxd6 Qc8 16. Bc4 Bg7 17. Rc1 Qd8 18. Bd5 Nc6 19. Qg5 Qxg5 20. Nxg5 Bh6 21. Bxf8 Bxg5 22. Rc5 Kxf8 23. Bxc6 Bf5 24. Bf3 Be7 25. Rc1 Rb8 26. Nd2 Bg5 27. Rd1 Bc2 28. Rc1 Ba4 29. Rc4 b5 30. Rd4 Bxd2 31. Rxd2 b4 32. Rd7 Bxd7 0-1

[Event "Athens ChessSquare Autumn op"]
[Site "Athens"]
[Date "2016.09.10"]
[Round "1"]
[White "Ilandzis, Spyridon"]
[Black "Kostelidis, Georgios"]
[Result "1-0"]
[WhiteElo "2061"]
[BlackElo "1236"]
[PlyCount "73"]
[EventDate "2016.09.10"]
[EventType "swiss"]
[EventRounds "7"]
[EventCountry "GRE"]
[SourceTitle "EXT 2024"]
[Source "ChessBase"]
[SourceDate "2023.10.10"]
[SourceVersion "1"]
[SourceVersionDate "2023.10.10"]
[SourceQuality "1"]

1. b3 d5 2. Bb2 Bf5 3. e3 e6 4. f4 Nf6 5. Nf3 Bd6 6. Be2 c5 7. Nh4 Bg6 8. 0-0 Nc6 9. d3 Ng4 10. Bxg4 Qxh4 11. Bxg7 Rg8 12. g3 Qe7 13. Bb2 f5 14. Bf3 0-0-0 15. Nd2 h6 16. a3 Qh7 17. c4 Be7 18. cxd5 exd5 19. Bg2 h5 20. Nf3 h4 21. Qe1 hxg3 22. hxg3 d4 23. exd4 cxd4 24. Rc1 Rde8 25. Ne5 Kb8 26. Nxc6+ bxc6 27. Qe5+ Bd6 28. Qxd6+ Qc7 29. Qxc7+ Kxc7 30. Bxd4 Bh5 31. Rxc6+ Kb8 32. Rfc1 Rxg3 33. Be5+ Kb7 34. Rc7+ Kb6 35. R1c6+ Kb5 36. Rb7+ Ka5 37. Bc3# 1-0

[Event "GRE-ch U08"]
[Site "Rio Achaia"]
[Date "2015.06.30"]
[Round "7.4"]
[White "Mitsis, Georgios"]
[Black "Kostelidis, Georgios"]
[Result "1-0"]
[WhiteElo "1094"]
[BlackElo "1030"]
[PlyCount "57"]
[EventDate "2015.06.26"]
[EventType "swiss"]
[EventRounds "9"]
[EventCountry "GRE"]
[SourceTitle "EXT 2024"]
[Source "ChessBase"]
[SourceDate "2023.10.10"]
[SourceVersion "1"]
[SourceVersionDate "2023.10.10"]
[SourceQuality "1"]

1. e4 d5 2. exd5 Qxd5 3. Nc3 Qd6 4. Nf3 Nf6 5. Bc4 a6 6. d3 e5 7. 0-0 Be7 8. Qe2 Nc6 9. Re1 Bg4 10. h3 Bxf3 11. Qxf3 Nd4 12. Qd1 0-0 13. Be3 c5 14. Qd2 b5 15. Bb3 b4 16. Ne2 Rad8 17. Bxd4 exd4 18. Ng3 Qc7 19. Nf5 Bd6 20. Nxd6 Qxd6 21. a3 a5 22. axb4 axb4 23. Ra7 Rfe8 24. Bxf7+ Kf8 25. Bxe8 Nxe8 26. Ree7 Qxe7 27. Rxe7 Kxe7 28. Qg5+ Kd6 29. Qxd8+ 1-0